000 00613nam a22002057a 4500
005 20260622163718.0
010 _aENG-148910
020 _a97893932700405
_c800.00
035 _aEN-132442
037 _bDBAD
082 _a745.61
_21
100 _aLow, Bhupender
245 _aIndian Calligraphy and Lettering/
_cBhupender Low [and] Chanchal Rani
250 _a1
260 _aDelhi
_bDiamond Creation
_c2024
270 _a21 north, Basti harphool singh Sadar Thana Road,
_bDelhi
_e110006
300 _a147p.
_c22cm(Hb)
700 _aChanchal Rani
_eAuthor
942 _2ddc
_cEN
_h745.61
_mLOW
999 _c216768
_d216768